Návrh klimatizačného zariadenia pre letnú prevádzku administratívnej budovy.(Projection of airconditioning machinery for summer operation of the administration houses.) [CD-ROM] : Diplomová práca
Na minha lista:
| Autor principal: | |
|---|---|
| Outros Autores: | |
| Formato: | Manuscrito Livro |
| Idioma: | eslovaco |
| Publicado em: |
Bratislava :
STU v Bratislave SjF,
2008
|
| Edição: | 1. vyd. |
| Assuntos: | |
| Tags: |
Sem tags, seja o primeiro a adicionar uma tag!
|
MARC
| LEADER | 00000ntm a22000003a 4500 | ||
|---|---|---|---|
| 001 | stu149275 | ||
| 005 | 20150617225940.8 | ||
| 008 | 071114s2008----xo------------------slo-d | ||
| 040 | |a STU |b slo | ||
| 041 | 0 | |a slo | |
| 044 | |a xo | ||
| 100 | 1 | |a Slobodová, Michaela |4 aut |u J0060 |U SjF Strojnícka fakulta |T SjF Ústav tepelnej energetiky |U J0060 |Y 805 | |
| 245 | 1 | |a Návrh klimatizačného zariadenia pre letnú prevádzku administratívnej budovy.(Projection of airconditioning machinery for summer operation of the administration houses.) [CD-ROM] : |b Diplomová práca | |
| 250 | |a 1. vyd. | ||
| 260 | |a Bratislava : |b STU v Bratislave SjF, |c 2008 | ||
| 300 | |a 186 s | ||
| 650 | 7 | |a Tepelná záťaž |2 stusub | |
| 650 | 7 | |a návrh vzduchotechnických zariaden |2 stusub | |
| 650 | 7 | |a psychrometrické výpočty |2 stusub | |
| 650 | 7 | |a Heat load |2 estusub | |
| 650 | 7 | |a psychrometrics design |2 estusub | |
| 700 | 1 | |a Székyová, Mária |4 xxx | |
| 700 | 1 | |a Ferstl, Karol, |d 1937- |4 csl |u J0060 |U SjF Strojnícka fakulta |T SjF Ústav tepelnej energetiky |X 2452 |U J0060 |Y 805 |7 A000002452 | |
| 996 | |b 284J032907 |c J*108307 |l JJSK |s A |a 24 |w stu149275_0001 | ||